| 000 | 004440000a22001810004500 | ||
|---|---|---|---|
| 003 | MACL | ||
| 005 | 20160130134419.0 | ||
| 008 | 160130b xxu||||| |||| 00| 0 eng d | ||
| 040 |
_aMACL _cMACL |
||
| 041 | _aEnglish | ||
| 082 | _a823/MIT | ||
| 100 |
_aMitchell, Margaret _936048 |
||
| 245 |
_aScarlett _bGone With lThe Wind |
||
| 260 |
_bWarner Books _c1991 _aLondon |
||
| 350 | _a230 | ||
| 650 |
_aFiction _936049 |
||
| 942 |
_cBK _k823/Mit _2ddc |
||
| 999 |
_c32179 _d32179 |
||